| 000 | 00712nam a2200229 i 4500 | ||
|---|---|---|---|
| 001 | 70396 | ||
| 003 | ES-MaACL | ||
| 007 | t| | ||
| 008 | 040722s1986 sp ||||1| spa d | ||
| 020 | _a84-259-0738-1 | ||
| 100 | 1 |
_aGarcía Santesmases, Antonio. _955271 |
|
| 245 | 1 | 0 |
_aMarxismo y estado / _cAntonio García Santesmases ; prólogo de Ignacio Sotelo. |
| 260 |
_aMadrid : _bCentro de Estudios Constitucionales, _c1986. |
||
| 300 |
_a308 p. ; _c21 cm. |
||
| 490 | 1 |
_aEstudios políticos ; _v22 |
|
| 500 | _aIndice. | ||
| 504 | _aBibliografía. | ||
| 700 | 1 |
_aSotelo, Ignacio. _9107458 |
|
| 830 | 0 |
_aEstudios políticos ; _v22 _9180572 |
|
| 852 |
_aES-MaACL _jG-1650 _bR.114662 |
||
| 999 |
_c70396 _d70396 |
||